Loading...
| Literature - American Literature | 0 | 5 | 0 | 0 | 50 | 80 | 127.20 | 1 | 3 |
| Literature - British Literature | 0 | 4 | 0 | 0 | 40 | 114 | 132.25 | 0 | 4 |
| History - World History | 0 | 3 | 0 | 1 | 30 | 92 | 109.00 | 0 | 3 |
| Literature - European Literature | 0 | 3 | 0 | 1 | 30 | 77 | 114.00 | 0 | 2 |
| Fine Arts - Other Fine Arts | 0 | 3 | 0 | 1 | 30 | 99 | 122.67 | 0 | 1 |
| Fine Arts - Painting and Sculpture | 0 | 3 | 1 | 0 | 25 | 119 | 133.33 | 0 | 3 |
| Literature - World Literature | 0 | 3 | 1 | 1 | 25 | 128 | 138.33 | 0 | 2 |
| History - American History | 0 | 3 | 1 | 0 | 25 | 74 | 106.00 | 0 | 2 |
| Science - Biology | 0 | 2 | 0 | 1 | 20 | 113 | 121.50 | 0 | 0 |
| History - Other History | 0 | 2 | 0 | 1 | 20 | 135 | 136.50 | 0 | 0 |
| History - European History | 0 | 2 | 1 | 1 | 15 | 116 | 121.50 | 0 | 0 |
| Science - Other Science | 0 | 2 | 1 | 1 | 15 | 92 | 110.00 | 0 | 0 |
| Mythology | 0 | 1 | 0 | 0 | 10 | 98 | 98.00 | 0 | 1 |
| Science - Chemistry | 0 | 1 | 0 | 1 | 10 | 120 | 120.00 | 0 | 0 |
| Geography | 0 | 1 | 1 | 0 | 5 | 98 | 98.00 | 0 | 1 |
| Philosophy | 0 | 1 | 1 | 0 | 5 | 127 | 127.00 | 0 | 1 |
| Social Science | 0 | 0 | 0 | 0 | 0 | 0.00 | 0 | 0 | |
| Fine Arts - Classical Music | 0 | 1 | 2 | 0 | 0 | 106 | 106.00 | 0 | 1 |
| Science - Physics | 0 | 0 | 1 | 0 | -5 | 0.00 | 0 | 0 | |
| Religion | 0 | 0 | 1 | 0 | -5 | 0.00 | 0 | 0 |